00824cam a2200229 a 45000010005000000030008000050050017000130080039000300350018000690400042000870410008001290820026001372450075001632600037002383000035002755040050003106500029003607000030003899420012004199990015004319520148004467377BD-RjUL20211208234415.014 t1957 enkab b 001 0 eng a(BD-RjUL)7420 aDLCcWSUdSERdUKMdEQOdBD-RjULbeng aeng00a323.352216bGRE 195710aGreat cities of the world :btheir government, politics and planning / aLondon :bAllen and Unwin,c1957 a814 p. :bill., maps ;c24 cm. aIncludes Bibliographical reference and index. 0aCities and towns.9230491 aRobson, William A.923050 2ddccBK c7377d7377 00102ddc40718NFICaRUCLbRUCLcreadingd1961-08-26eMirza Book Agencyg55.00l0o323.352 GRE 1957r2014-01-13 00:00:00tC-1w2021-12-08yBK